00313nam a2200133Ia 4500008004100000020001500041041001200056082001600068100001400084245003300098260002800131300000800159650001200167221030s9999 xx 000 0 und d a8172246870 aEnglish a105.23bRec aM. Record 0aHow to Prepare Business Plan bJaico Pub.aDelhic1999 a158 aGeneral